Buying for business : how to get the best deal from your suppliers
| Main Author: | |
|---|---|
| Format: | Book |
| Published: |
London :
Kogan Page ,
1988
|
| Subjects: |
MARC
| LEADER | 00000cam a2200000 7i4500 | ||
|---|---|---|---|
| 001 | 0000005020 | ||
| 005 | 20021118093000.0 | ||
| 020 | |a 1850914842 | ||
| 090 | 0 | 0 | |a HD39.5 |b .A88 1988 |
| 100 | 0 | |a Attwood, Tony , |e author | |
| 245 | 0 | 0 | |a Buying for business : |b how to get the best deal from your suppliers |c Tony Attwood |
| 260 | 2 | |a London : |b Kogan Page , |c 1988 | |
| 300 | |a 160 p. ; ; |c 23 cm. | ||
| 504 | |a Includes bibliography (p. 154-156) and index | ||
| 650 | 0 | |a Industrial procurement | |
| 650 | 0 | |a Purchasing | |
| 999 | |a 1000009248 |b Book |c OPEN SHELF (30 DAYS) |e Gong Badak Campus | ||